Constructing the IT superhighway (Record no. 65382)
[ view plain ]
| 000 -LEADER | |
|---|---|
| fixed length control field | 01349cam a2200253 4500 |
| 001 - CONTROL NUMBER | |
| control field | ABS63118 |
| 008 - FIXED-LENGTH DATA ELEMENTS--GENERAL INFORMATION | |
| fixed length control field | 000000n2000 000 0 eng u |
| 035 ## - SYSTEM CONTROL NUMBER | |
| System control number | (Sirsi) u109511 |
| 100 ## - MAIN ENTRY--PERSONAL NAME | |
| Personal name | Cronin, S |
| 245 ## - TITLE STATEMENT | |
| Title | Constructing the IT superhighway |
| 260 ## - PUBLICATION, DISTRIBUTION, ETC. | |
| Date of publication, distribution, etc. | 2000 |
| 490 ## - SERIES STATEMENT | |
| Series statement | Construction News |
| Volume/sequential designation | (6692) 16 November 2000, 24(1) |
| 520 ## - SUMMARY, ETC. | |
| Summary, etc. | Examines how developments in information and communications technology are providing significant opportunities for the construction industry. The latest, broadband technology, which allows quicker access to the internet, has prompted many utility contractors to install fast-work networks. This in turn provides opportunities for controlling broadband access in buildings, which the property sector has already cashed in on. Contractors have been slower to respond, but some are recognising the advantages of providing turnkey fibre optics. Finally, the growth of the web-hosting and co-location markets, including the development of internet hotels, offers major financial incentives for contractors. |
| 590 ## - LOCAL NOTE (RLIN) | |
| Local note | ABS |
| 650 ## - SUBJECT ADDED ENTRY--TOPICAL TERM | |
| Topical term or geographic name entry element | FIBRE OPTICS |
| 650 ## - SUBJECT ADDED ENTRY--TOPICAL TERM | |
| Topical term or geographic name entry element | NETWORKS |
| 650 ## - SUBJECT ADDED ENTRY--TOPICAL TERM | |
| Topical term or geographic name entry element | CONTRACTORS |
| 650 ## - SUBJECT ADDED ENTRY--TOPICAL TERM | |
| Topical term or geographic name entry element | INTERNET HOTELS |
| 650 ## - SUBJECT ADDED ENTRY--TOPICAL TERM | |
| Topical term or geographic name entry element | BROADBAND TECHNOLOGY |
| 650 ## - SUBJECT ADDED ENTRY--TOPICAL TERM | |
| Topical term or geographic name entry element | CONSTRUCTION MARKET |
| 650 ## - SUBJECT ADDED ENTRY--TOPICAL TERM | |
| Topical term or geographic name entry element | INTERNET |
| 690 ## - LOCAL SUBJECT ADDED ENTRY--TOPICAL TERM (OCLC, RLIN) | |
| Topical term or geographic name as entry element | BUILT ENVIRONMENT-CONSTRUCTION MARKET |
| 942 ## - ADDED ENTRY ELEMENTS (KOHA) | |
| Suppress in OPAC | 0 |
| Withdrawn status | Lost status | Source of classification or shelving scheme | Damaged status | Not for loan | Home library | Current library | Shelving location | Date acquired | Total Checkouts | Full call number | Barcode | Date last seen | Copy number | Price effective from | Koha item type |
|---|---|---|---|---|---|---|---|---|---|---|---|---|---|---|---|
| Dewey Decimal Classification | London | London | Journal article | 27/11/2000 | ABS63118 | 109511-1001 | 06/08/2019 | 1 | 06/08/2019 | Journal article |